Datum a čas kvízu
14.5
Celkem bodů
Celkový počet nahraných bodů na tomto kvízu bez doplňovacích otázek.
6.
Pořadí na kvízu
Konečné umístění týmu na tomto kvízu.
Zaznamenané odpovědi
| # | Otázka | Odpověď | Body | Výsledky |
|---|---|---|---|---|
| 1. | Úřad jednoho města v okrese Pr... | 0 | ||
| 2. | Bývalý ukrajinský prezident by... | 0 | ||
| 3. | Jak bylo oznámeno minulý týden... | 0 | ||
| 4. | Společnost Agrofert opouští po... | 0 | ||
| 5. | Útočník Komety Martin Erat vst... | 1 | ||
| 21. | Nejdelší had na světě chovaný... | 1 | ||
| 22. | Přiřaďte k sobě rodová a druho... | 0 | ||
| 23. | Od želv se můžeme dostat ke Ga... | 0 | ||
| 24. | Jak se nazývá tento živočich?... | 0 | ||
| 25. | Napište jméno herce s tureckým... | 1 |